Państwa, które nie uznają Izraela - Statystyki

Ogólne statystyki
  • Ten quiz został rozwiązany 48 razy
  • Średni wynik to 18 z 28
Statystyki odpowiedzi
Państwo % Poprawnych
Iran
93%
Arabia Saudyjska
90%
Irak
90%
Katar
90%
Jemen
83%
Pakistan
83%
Oman
80%
Syria
80%
Libia
76%
Afganistan
73%
Liban
73%
Korea Północna
68%
Kuwejt
68%
Algieria
66%
Tunezja
66%
Somalia
63%
Niger
61%
Dżibuti
59%
Malezja
56%
Mali
56%
Mauretania
56%
Indonezja
54%
Bangladesz
49%
Brunei
41%
Malediwy
39%
Komory
37%
Kuba
34%
Wenezuela
24%
Nie znaleziono quizów pasujących do podanych kryteriów
Rozkład punktacji
Procent ludzi z każdym wynikiem
Percentyl według liczby udzielonych odpowiedzi
Twoja historia wyników
Nie rozwiązałeś tego quizu